[Event "Gornozavodsk op"]
[Site "Gornozavodsk"]
[Date "2010.11.07"]
[Round "8"]
[White "Sivintsev, Evgeny"]
[Black "Simakov, Andrey Grigorievich"]
[Result "1/2-1/2"]
[WhiteElo "2138"]
[BlackElo "1989"]
[PlyCount "41"]
[EventDate "2010.11.01"]
[EventType "swiss"]
[EventRounds "10"]
[EventCountry "RUS"]
[SourceTitle "EXT 2012"]
[Source "ChessBase"]
[SourceDate "2011.11.24"]
[SourceVersion "1"]
[SourceVersionDate "2011.11.24"]
[SourceQuality "1"]

1. d4 Nf6 2. c4 e6 3. a3 d5 4. Nc3 Be7 5. Nf3 0-0 6. e3 b6 7. cxd5 exd5 8. b4 Be6 9. Bd3 h6 10. Bb2 Nbd7 11. b5 Rc8 12. Qa4 Ra8 13. 0-0 Bd6 14. h3 Re8 15. Rac1 Qc8 16. Rfd1 Nf8 17. Bf1 Bd7 18. Qb3 Be6 19. Na2 Ne4 20. Nb4 Qd8 21. Nc6 1/2-1/2

[Event "Gornozavodsk op"]
[Site "Gornozavodsk"]
[Date "2010.11.05"]
[Round "6"]
[White "Sivintsev, Evgeny"]
[Black "Ivanov, Alexander V2"]
[Result "0-1"]
[WhiteElo "2138"]
[BlackElo "2125"]
[PlyCount "88"]
[EventDate "2010.11.01"]
[EventType "swiss"]
[EventRounds "10"]
[EventCountry "RUS"]
[SourceTitle "EXT 2012"]
[Source "ChessBase"]
[SourceDate "2011.11.24"]
[SourceVersion "1"]
[SourceVersionDate "2011.11.24"]
[SourceQuality "1"]

1. c4 c5 2. Nf3 Nf6 3. g3 d5 4. cxd5 Nxd5 5. Bg2 Nc6 6. 0-0 e5 7. d3 Be7 8. Nbd2 0-0 9. Nc4 f6 10. a4 Be6 11. Bd2 Qd7 12. Rc1 Rfd8 13. Ne3 Ndb4 14. Bc3 Bf8 15. Nh4 Qf7 16. Qe1 Bb3 17. f4 exf4 18. Rxf4 Re8 19. Qf2 Nd5 20. Nxd5 Bxd5 21. e4 Bb3 22. Nf5 Ne5 23. Bxe5 Rxe5 24. d4 cxd4 25. Qxd4 b6 26. Kh1 Bc5 27. Qc3 Kh8 28. a5 Rd8 29. axb6 Bxb6 30. Rf3 Rc5 31. Qxc5 Bxc5 32. Rxc5 Rd1+ 33. Rf1 Rxf1+ 34. Bxf1 h6 35. Bd3 Qh5 36. Kg2 Bd1 37. Rc8+ Kh7 38. Nh4 Be2 39. Bb1 Qe5 40. Ba2 Qxe4+ 41. Kf2 g5 42. Bg8+ Kg7 43. Bd5 Qxd5 44. Kxe2 Qe6+ 0-1

[Event "Gornozavodsk op"]
[Site "Gornozavodsk"]
[Date "2010.11.02"]
[Round "3"]
[White "Kotchnev, Andrey"]
[Black "Sivintsev, Evgeny"]
[Result "0-1"]
[WhiteElo "2067"]
[BlackElo "2138"]
[PlyCount "62"]
[EventDate "2010.11.01"]
[EventType "swiss"]
[EventRounds "10"]
[EventCountry "RUS"]
[SourceTitle "EXT 2012"]
[Source "ChessBase"]
[SourceDate "2011.11.24"]
[SourceVersion "1"]
[SourceVersionDate "2011.11.24"]
[SourceQuality "1"]

1. e4 c5 2. Nc3 Nc6 3. g3 g6 4. Bg2 Bg7 5. d3 d6 6. Nge2 e6 7. Be3 Nge7 8. Qd2 h6 9. d4 cxd4 10. Nxd4 a6 11. Rd1 Ne5 12. Qe2 Qc7 13. 0-0 0-0 14. f4 Nc4 15. Bc1 b5 16. g4 e5 17. Nb3 b4 18. Na4 Bd7 19. fxe5 Bxa4 20. exd6 Nxd6 21. e5 Nb7 22. e6 Bb5 23. exf7+ Kh7 24. Qe6 Bxf1 25. Rd7 Qxc2 26. Be4 Nc5 27. Bxc2 Nxe6 28. Rxe7 Bc4 29. Be4 Rac8 30. Nd2 Bxa2 31. b3 Rxc1+ 0-1

[Event "Gornozavodsk op"]
[Site "Gornozavodsk"]
[Date "2010.11.01"]
[Round "2"]
[White "Sivintsev, Evgeny"]
[Black "Smirnov, Alexey1"]
[Result "0-1"]
[WhiteElo "2138"]
[BlackElo "2404"]
[PlyCount "66"]
[EventDate "2010.11.01"]
[EventType "swiss"]
[EventRounds "10"]
[EventCountry "RUS"]
[SourceTitle "EXT 2012"]
[Source "ChessBase"]
[SourceDate "2011.11.24"]
[SourceVersion "1"]
[SourceVersionDate "2011.11.24"]
[SourceQuality "1"]

1. c4 Nf6 2. Nf3 g6 3. d4 Bg7 4. g3 0-0 5. Bg2 d6 6. Nc3 Nbd7 7. 0-0 e5 8. Qc2 exd4 9. Nxd4 Re8 10. h3 a5 11. Rd1 Nc5 12. b3 c6 13. e4 Qe7 14. Bf4 Nfxe4 15. Nxe4 Nxe4 16. Re1 Bxd4 17. Rxe4 Be5 18. g4 f5 19. Re3 fxg4 20. Bxe5 dxe5 21. Rae1 gxh3 22. Rxe5 Qxe5 23. Rxe5 Rxe5 24. Be4 Bf5 25. Bxf5 Rxf5 26. Qc3 h2+ 27. Kxh2 Rxf2+ 28. Kg3 Raf8 29. Qxa5 R8f3+ 30. Kh4 h6 31. Qc7 Rf7 32. Qc8+ Kh7 33. a4 R2f3 0-1